Joueurs de football par pays - Statistiques

Statistiques générales
  • Ce quiz a été pris 211 fois
  • Le résultat moyen est 14 sur 20
Statistiques - réponses
Joueurs Pays % Correct
Luka Modric Croatie
98%
Fernando Torres Espagne
96%
Luis Figo Portugal
94%
Peter Schmeichel Danemark
91%
David Alaba Autriche
90%
Ji-Sung Park Corée du sud
87%
Edin Džeko Bosnie
85%
Hernan Crespo Argentine
84%
Claudio Bravo Chili
81%
Sonny Anderson Brésil
80%
Fredrik Ljungberg Suède
78%
Rafael Marquez Mexique
68%
Michael Essien Ghana
67%
John Obi Mikel Nigeria
57%
Ludovic Obraniak Pologne
52%
Jefferson Farfan Pérou
50%
Marc-Vivien Foé Cameroun
48%
Roque Santa Cruz Paraguay
45%
Ryan Giggs Galles
41%
Adrian Mutu Roumanie
41%
Aucun quiz correspondant
Distribution des résultats
% des personnes avec chaque résultat
Percentile par nombre de réponses
Votre historique - résultats
Vous n’avez pas pris ce quiz